header

Particle swarm optimization (Record no. 162488)

MARC details
000 -LEADER
fixed length control field 01351nam a2200337 a 4500
082 04 - DEWEY DECIMAL CLASSIFICATION NUMBER
Classification number 006.3
245 00 - TITLE STATEMENT
Title Particle swarm optimization
260 ## - PUBLICATION, DISTRIBUTION, ETC. (IMPRINT)
Place of publication Hauppauge, N.Y. :
Name of publisher Nova Science Publishers,
Year of publication c2011.
300 ## - PHYSICAL DESCRIPTION
Number of Pages xi, 305 p. :
Other physical details ill.
490 1# - SERIES STATEMENT
Series statement Engineering tools, techniques and tables
650 #0 - SUBJECT ADDED ENTRY--TOPICAL TERM
Topical Term Swarm intelligence.
Topical Term Mathematical optimization.
700 1# - ADDED ENTRY--PERSONAL NAME
Personal name Olsson, Andrea E.
856 40 - ELECTRONIC LOCATION AND ACCESS
Uniform Resource Identifier http://site.ebrary.com/lib/rucke/Doc?id=10671425

No items available.

© 2026 Rongo University
Contact us: librarian | system librarian | Rongo university